| 000 | 00428nam a2200133Ia 4500 | ||
|---|---|---|---|
| 008 | 180922s9999 xx 000 0 und d | ||
| 020 | _a9781118120286 | ||
| 100 | _aHinton,Mark Justice. | ||
| 245 |
_cMark Justice Hinton.-- _aWindows 8 for seniors dummies / |
||
| 260 |
_aNew Jersey : _bJohn Wiley & Sons _c2012 |
||
| 300 | _ax, 374 pages. | ||
| 650 | _aComputers and older people. | ||
| 650 | _aMicrosoft Windows (Computer file). | ||
| 999 |
_c358818 _d358818 |
||